Sistema Web para el programa de servicio social becario en la Universidad Nacional de Ingeniería para el Recinto Universitario Simón Bolívar
Presenta un desarrollo de página web para brindar a la oficina de acción social una herramienta que ayude al control y seguimiento del servicio social becario que realizan los estudiantes de todas las carreras de la UNI.
| Main Authors: | , |
|---|---|
| Other Authors: | |
| Format: | Tesis Section = Libro |
| Language: | Undetermined Spanish |
| Published: |
Managua
UNI
2016
|
| Subjects: |
| LEADER | 01206nam a2200289Ia 4500 | ||
|---|---|---|---|
| 008 | 240830s9999 xx 000 0 und d | ||
| 040 | |a BIBLIOTECA-RUSB/ Mon 005.74 N321 | ||
| 041 | |a spa | ||
| 082 | |a Mon 005.74 N321 | ||
| 100 | 1 | |a Navarrete Orozco, Erick Antonio | |
| 100 | 1 | |b I, Morales Ruiz, Pedro Roberto, II | |
| 245 | 1 | 0 | |a Sistema Web para el programa de servicio social becario en la Universidad Nacional de Ingeniería para el Recinto Universitario Simón Bolívar |
| 260 | |a Managua |b UNI |c 2016 | ||
| 300 | |a 237 p. :il. | ||
| 500 | |a Contiene: anexos. | ||
| 502 | |a Tesis (Ingeniero en Computación) - UNI, 2016. | ||
| 520 | 3 | |a Presenta un desarrollo de página web para brindar a la oficina de acción social una herramienta que ayude al control y seguimiento del servicio social becario que realizan los estudiantes de todas las carreras de la UNI. | |
| 650 | 7 | |a SISTEMA WEB | |
| 650 | 7 | |b PREPARACION Y REPRESENTACION DE DATOS | |
| 650 | 7 | |c TECNOLOGIA Y COMUNICACION | |
| 650 | 7 | |d INGENIERIA DE SOFTWARE | |
| 650 | 7 | |e BASES DE DATOS | |
| 650 | 7 | |f APLICACIONES SITIO WEB | |
| 700 | 1 | |a Tutor: |b Montes López, María Lourdes | |
| 942 | |c BK |2 ddc | ||
| 991 | |a TESIS | ||
| 999 | |c 19812 | ||